Caeremoniale juxta ritum S. Ordinis Praedicatorum Revmi. Patris Fr. Alexandri Vincentii Jandel ejusdem Ordinis Generalis magistri jussu editum

Detalles Bibliográficos
Autor principal: Jandel, Alexandre-Vincent 1810-1872
Formato: Libro
Lenguaje:Latin
Publicado: Mechliniae 1869
Materias:
Colección:Banco de datos
Acervo:Biblioteca de la Congregación del Oratorio de San Felipe Neri de México. Iglesia La Profesa
Descripción Física:XX, 679 p. 18 cm.
Tema general:Liturgia
Notas:Encuadernación en keratol con lomo en piel. Sello en tinta del Oratorio de San Felipe Neri de México. Biblioteca La Profesa, D.F.
LEADER 00927nam a22001810004500
035 |a 2088 
041 0 |a lat 
100 1 |a Jandel, Alexandre-Vincent  |d 1810-1872 
245 1 0 |a Caeremoniale juxta ritum S. Ordinis Praedicatorum Revmi. Patris Fr. Alexandri Vincentii Jandel ejusdem Ordinis Generalis magistri jussu editum 
260 |a Mechliniae  |b H. Dessain, Summi Pontificis, S. Congregationis de Propaganda Fide et archiepiscopatus mechliniensis typographus  |c 1869 
300 |a XX, 679 p.  |c 18 cm. 
500 |a Encuadernación en keratol con lomo en piel. Sello en tinta del Oratorio de San Felipe Neri de México. Biblioteca La Profesa, D.F.  
504 |a Índices de cosas y alfabético de las cosas más notables 
650 1 0 |a Liturgia 
949 |a Iglesia La Profesa, Biblioteca 4031 
942 |c PROFESA 
943 |g Biblioteca de la Congregación del Oratorio de San Felipe Neri de México. Iglesia La Profesa 
999 |c 948899  |d 948899